Historical atlas of Hasidism
| Titel: | Historical atlas of Hasidism / Marcin Wodziński ; cartography by Waldemar Spallel |
|---|---|
| Verfasser: | |
| Beteiligt: | |
| Veröffentlicht: | Princeton; Oxford : Princeton University Press, [2018] |
| Umfang: | ix, 265 Seiten : Illustrationen (teilweise farbig), Diagramme (farbig), Karten (farbig) ; 33 cm |
| Format: | Buch |
| Sprache: | Englisch |
| ISBN: | 9780691174013 ; 0691174016 |
alg: 44029358 001A $06057:20-12-18 001B $03025:29-04-25 $t09:48:16.000 001D $01999:22-05-19 001U $0utf8 001X $00 002@ $0Aay 002C $aText $btxt $2rdacontent 002D $aohne Hilfsmittel zu benutzen $bn $2rdamedia 002E $aBand $bnc $2rdacarrier 003@ $0440293588 004A $A978-0-691-17401-3 $fhbk. 004A $00-691-17401-6 006B $0GBB8M5142 007A $0440293588 $aHEB 010@ $aeng 010E $erda 011@ $a2018 $n[2018] 011F $n© 2018 013D $RBildband $RAtlaskartografie $RKarte $#Atlases $#Atlas $#Atlanti geografici $#Atlas $#atlases $#Atlas $#Atlas $#Weltatlas $#Bildatlas $#Topographischer Atlas $#Topografischer Atlas $#Atlanten $74143303-8 $8Atlas [Ts1] $9085561835 013D $RGrafische Darstellung $#Cartes $#Maps $#Plans $#Amtliche Karte Formschlagwort $#Landkarte $#Wandkarte Formschlagwort $#Wanderkarte Formschlagwort $#Straßenkarte Formschlagwort $#Weltkarte Formschlagwort $#Karten $#Landkarten $#Kartenmaterial $#Geografische Karte $74029783-4 $8Karte [Tsz] $9085078743 021A $aHistorical atlas of Hasidism $hMarcin Wodziński ; cartography by Waldemar Spallel 028A $BVerfasser $#Ṿodźinsḳi, Martsʹin $#וודז'ינסקי, מרצ'ין $4aut $7136764436 $8Wodziński, Marcin$Z1966- [Tp3] $9206993889 028C $BKartograf $#Spallek, Waldemar A. $4ctg $71176044737 $8Spallek, Waldemar [Tp3] $9441387012 033A $pPrinceton $pOxford $nPrinceton University Press 034D $aix, 265 Seiten 034I $a33 cm 034M $aIllustrationen (teilweise farbig), Diagramme (farbig), Karten (farbig) 037A $aLiteraturverzeichnis Seite 239-245 039U $aRezension in $8--Oou--Schainker, Ellie R.$Z1978- [Tp3]. [Marcin Wodziński: Hasidism ; Marcin Wodziński (ed.): Historical Atlas of Hasidism], 2019 $9529528878 041K $aHasidism--History 041K/01 $aHasidism--Maps 041K/02 $aHasidism. 041K/03 $aHasidim--History 041K/04 $aHasidism--History 044K $RJudentum $RChassidim $#Hasidism $#Hassidisme $#Hasidismo $#Hasidismo $#Hasidismus $74009799-7 $8Chassidismus [Ts1] $9085018910 044K $RAtlas $#Historischer Atlas Geschichtsatlas $74323412-4 $8Geschichtsatlas [Ts1] $9086786253 045B $a296.8332 $eDDC23eng 045E $c290 $c296 045R $aGeschichte 1700-2016 lok: 44029358 3 101B $023-05-19 $t10:59:44.000 101C $022-05-19 101U $0utf8 144Z/20 $aj19mai 145S/01 $a770 145Z/01 $a900 J Chassidismus exp: 44029358 3 1 #EPN 201B/01 $022-05-19 $t18:21:36.000 201C/01 $006-05-19 201U/01 $0utf8 203@/01 $01050718151 208@/01 $a06-05-19 $bzAa 209A/01 $aHB 24: Je 3/1 $ds $f000 $hHB 24 JE 3 1 $x00 209A/01 $aQ 91.072.25 $hQ 91 072 25 $x09 209G/01 $a91072254 $x00 247C/01 $8601000-3 <30>Frankfurt, Universitätsbibliothek J. C. Senckenberg, Zentralbibliothek (ZB) $9102598258 exp: 44029358 3 2 #EPN 201B/02 $013-09-22 $t07:43:44.000 201C/02 $025-11-19 201U/02 $0utf8 203@/02 $01070838543 208@/02 $a25-11-19 $bzEr 209A/02 $a80/Hc 30 61 $ds $f050 $x00 209A/02 $aHc 30 61 $x01 209C/02 $a98/2019 209G/02 $a3002042637 $x00 209G/02 $aSonderstandort Großformate, 1. OG $x01 247C/02 $8601050-7 <30/50>Frankfurt, Universitätsbibliothek J. C. Senckenberg, Bibliothek Sprach- und Kulturwissenschaften (BSKW) $9486206378 lok: 44029358 78 exp: 44029358 78 1 #EPN 201B/01 $014-02-24 $t15:32:56.000 201C/01 $014-02-24 201U/01 $0utf8 203@/01 $01256407925 208@/01 $a14-02-24 $be 209A/01 $a/ $f000 $x00 209A/01 $ab*p $x01 220C/01 $apgar 244Z/01 $#Generalgouvernement Polen $#Polska $#Rzeczpospolita Polska $#Polska Rzeczpospolita Ludowa $#Poland $#Pologne $#République Polonaise $#Generalne Gubernatorstwo w Polsce $#Polish People's Republic $#Polska Rzeczpospolita Polen $#PRL $#RP $#Polen Generalgouvernement $#Polska Generalgouvernement $#Besetzte Polnische Gebiete $#Besetztes Gebiet in Polen $#Okupowane Polskie Obszary $#Obszary Okupowane w Polsce $#Volksrepublik Polen $#Polska Rosyjska $#Republic Polen $#Respublika Pol'ša $#Pol'skaja Narodnaja Respublika $#République de Pologne $#Polen Links der Weichsel $#Polska po Lewej Stronie Wisły $#Lenkija $#Polija $#Gubernija Carstva Pol'skago $#Republik Polen $74046496-9 $8--Tg1--Polen $x01 $9085129801 247C/01 $82080>Marburg/Lahn, Herder-Institut, Forschungsbibliothek, Bibliographieportal $9336309341
| LEADER | 00000cam a22000002c 4500 | ||
|---|---|---|---|
| 001 | 440293588 | ||
| 003 | DE-603 | ||
| 005 | 20250429094816.0 | ||
| 007 | tu | ||
| 008 | 181220s2018 xx |||| | u00||u|eng c | ||
| 020 | |a 9780691174013 |c hbk. | ||
| 020 | |a 0691174016 | ||
| 035 | |a (DE-599)HEB440293588 | ||
| 040 | |a DE-603 |b ger |c DE-603 |d DE-603 |e rda | ||
| 041 | |a eng | ||
| 082 | 7 | |a 296.8332 |2 23/eng | |
| 084 | |a 290 |a 296 |q DE-101 |2 sdnb | ||
| 100 | 1 | |a Wodziński, Marcin |d 1966- |e Verfasser |4 aut |0 (DE-603)206993889 |0 (DE-588)136764436 |2 gnd | |
| 245 | 0 | 0 | |a Historical atlas of Hasidism |c Marcin Wodziński ; cartography by Waldemar Spallel |
| 264 | 1 | |a Princeton |a Oxford |b Princeton University Press |c [2018] | |
| 264 | 4 | |c © 2018 | |
| 300 | |a ix, 265 Seiten |b Illustrationen (teilweise farbig), Diagramme (farbig), Karten (farbig) |c 33 cm | ||
| 336 | |a Text |b txt |2 rdacontent | ||
| 337 | |a ohne Hilfsmittel zu benutzen |b n |2 rdamedia | ||
| 338 | |a Band |b nc |2 rdacarrier | ||
| 500 | |a Literaturverzeichnis Seite 239-245 | ||
| 648 | 7 | |a Geschichte 1700-2016 |2 gnd | |
| 650 | 7 | |a Chassidismus |0 (DE-588)4009799-7 |0 (DE-603)085018910 |2 gnd | |
| 650 | 7 | |a Geschichtsatlas |0 (DE-588)4323412-4 |0 (DE-603)086786253 |2 gnd | |
| 655 | 7 | |a Atlas |2 gnd-content |0 (DE-588)4143303-8 |0 (DE-603)085561835 | |
| 655 | 7 | |a Karte |2 gnd-content |0 (DE-588)4029783-4 |0 (DE-603)085078743 | |
| 700 | 1 | |a Spallek, Waldemar |e Kartograf |4 ctg |0 (DE-603)441387012 |0 (DE-588)1176044737 |2 gnd | |
| 787 | 0 | 8 | |i Rezension in |a Schainker, Ellie R., 1978- |t [Marcin Wodziński: Hasidism ; Marcin Wodziński (ed.): Historical Atlas of Hasidism] |w (DE-603)529528878 |
| 924 | 0 | |9 30 |a (DE-603)1050718151 |b DE-30 |c HES |d b |g HB 24: Je 3/1 |i Q 91.072.25 | |
| 924 | 0 | |9 30/50 |a (DE-603)1070838543 |b DE-30-50 |c HES |d d |g 80/Hc 30 61 | |
| 924 | 0 | |9 2080 |a (DE-603)1256407925 |b DE-2080 |c HES |d d |g / | |


